| 000 | 00361 a2200157 4500 | ||
|---|---|---|---|
| 001 | 47332 | ||
| 020 | _a9788581511351 | ||
| 040 | _cAnchieta - Aquarius | ||
| 100 | _aBASTOS, Rita de Cássia | ||
| 240 | 1 | 0 |
_a=Bac o menino espacial _lpor |
| 245 | 1 | 0 | _a=Bac o menino espacial |
| 300 | _a84p. | ||
| 362 | 0 | _a2016 | |
| 650 | 4 | _aLiteratura brasileira | |
| 942 | _cBK | ||
| 999 |
_c47332 _d47332 |
||